| 000 | 00905nam a2200265Ia 4500 | ||
|---|---|---|---|
| 003 | OSt | ||
| 005 | 20220925212557.0 | ||
| 006 | a|||||r|||| 00| 0 | ||
| 007 | ta | ||
| 008 | 220923b |||||||| |||| 00| 0 eng d | ||
| 020 | _a004322010X | ||
| 037 | _cGeneral Book | ||
| 040 |
_aRTL _cRTL _beng |
||
| 041 |
_2eng _aeng |
||
| 082 | _aY48.580m5923.N8, M3 | ||
| 100 |
_aRigby T H _999154 |
||
| 245 | 0 | _aLeadership selection and patron-orient relations in the USSR and Yugoslavia | |
| 260 |
_aLondon _bAllen and Unwin _c1983 |
||
| 300 |
_a246p _ccm. |
||
| 490 | _aWorld Congress for Soviet and East European Studies, Papers (2) (1980). International Committee for Soviet and East European Studies | ||
| 650 | _aElites | ||
| 700 |
_a Harasymiw Bohdan Ed. _9277016 |
||
| 942 |
_hY48.580m5923.N8, M3 _cGB _2CC |
||
| 999 |
_c560679 _d560679 |
||